000 00541nam a2200205Ia 4500
005 20250508150932.0
008 008 250505s9999 xx 000 0 eng d
037 _aTextual
040 _aFEDL
_beng
_cFEDL
041 _aeng
_2eng
084 _a104, PIE
_qFEDL
100 _aPieper Josef
_980196
245 0 _aLeisure the basis of culture
260 _aNew York, USA
_bPantheon Books Inc.
_c1952
300 _a168p
365 _aINR
_b14
650 _aPhilosophy
942 _cTEXL
_h104, PIE
999 _c1326585
_d1326585